| 000 | 00530nam a2200145 a 4500 | ||
|---|---|---|---|
| 008 | 120416s0000 ||||||||||||||||| || u | ||
| 020 | _a0951323318 | ||
| 050 | _aHF 5680 Har | ||
| 100 | _aHartley, Alick | ||
| 245 | 1 | 0 | _aStep-by-step guide for the Honorary Treasurer |
| 260 |
_aNewton, Powys _bGwelfryn Publications _c1988 |
||
| 300 | _a(iii) 46p. : ill | ||
| 350 | _a0.00 | ||
| 995 |
_D0.00 _FCBU-MAIN LIBRARY (Kitwe) _H1 _I2.00 _M1 _UAVAILABLE _ZAnnex Low-Usage Collection |
||
| 999 |
_c58420 _d58420 |
||